00614nam a22001937a 45000050016000000100014000160200023000300200026000530350013000790370013000920820012001051000019001172450058001362600040001942700045002343000021002795000050003006500070003502010080505125.0 aENG-98359 a8174876146c500.00 a9788174876140c500.00 aEN-81892 bDBAD/PUB a301.153 aAndrews, C. F. aMahatma Gandhi his life and ideas /cby C. F. Andrews aNew DelhibRadha Publicationsc2009 a4231/1 Ansari Road, DaryaganjbNew Delhi a382p.c22cm (Hb) aIncludes bibliographical references and index aGandhi, Mahatma (1889-1948) political and social views- biography